| 000 | 00532nam a2200193 4500 | ||
|---|---|---|---|
| 001 | 23287 | ||
| 005 | 20230410103750.0 | ||
| 008 | 060907n1998 dr spa | ||
| 020 | _a0312190379 | ||
| 035 | _9funglode23455 | ||
| 041 | _aEN | ||
| 050 | 1 | 4 | _a322 DA 591 S212d 1998 |
| 100 | _aSancton, Thomas | ||
| 245 | 1 |
_aDeath of a princess : _bthe investigation / _cThomas Sancton and Scott MacLeod |
|
| 260 |
_aNew York : _bSt. Martin's Press, _c1998 |
||
| 300 | _a300 p. | ||
| 700 | _aMacLeod, Scott | ||
| 942 |
_2lcc _cbk |
||
| 999 |
_c25383 _d25383 |
||